[Personnel audit as a function of personnel marketing and personnel management]

Recenzia na monografiu ktorá sa zaoberá personálnym auditom a personálnym manažmentom.

Na minha lista:
Detalhes bibliográficos
Autor principal: Zagoršek, Branislav, 1984-
Formato: Capítulo de Livro
Idioma:inglês
Assuntos:
Tags: Adicionar Tag
Sem tags, seja o primeiro a adicionar uma tag!

MARC

LEADER 00000naa a2200000 4500
001 0206229
005 20240502073430.4
041 0 |a eng 
044 |a SK 
245 1 0 |a [Personnel audit as a function of personnel marketing and personnel management]  |c Branislav Zagoršek 
520 |a Recenzia na monografiu ktorá sa zaoberá personálnym auditom a personálnym manažmentom. 
610 2 0 |a recenzie 
610 2 0 |a audit personálny 
610 2 0 |a manažment personálny 
610 2 0 |a marketing personálny 
100 1 |a Zagoršek, Branislav, 1984-